<?xml version="1.0" encoding="UTF-8"?>
<collection xmlns="http://www.loc.gov/MARC21/slim">
 <record>
  <leader>00942pam a22003018a 4500</leader>
  <controlfield tag="001">00037364</controlfield>
  <controlfield tag="005">20171026081025.0</controlfield>
  <controlfield tag="008">170512s2006                  ||||||Viesd</controlfield>
  <datafield tag="041" ind1="0" ind2="#">
   <subfield code="a">Vie</subfield>
  </datafield>
  <datafield tag="082" ind1="1" ind2="4">
   <subfield code="a">512</subfield>
   <subfield code="b">M460R</subfield>
  </datafield>
  <datafield tag="100" ind1="1" ind2="#">
   <subfield code="a">Nguyễn, Chánh Tú</subfield>
  </datafield>
  <datafield tag="245" ind1="1" ind2="0">
   <subfield code="a">Mở rộng trường và lý thuyết galois</subfield>
   <subfield code="c">Nguyễn Chánh Tú</subfield>
  </datafield>
  <datafield tag="260" ind1="#" ind2="#">
   <subfield code="c">2006</subfield>
   <subfield code="a">Hà Nội</subfield>
   <subfield code="b">Giáo dục</subfield>
  </datafield>
  <datafield tag="300" ind1="#" ind2="#">
   <subfield code="a">195tr.</subfield>
   <subfield code="c">24cm.</subfield>
  </datafield>
  <datafield tag="653" ind1="#" ind2="#">
   <subfield code="a">Mở rộng trường</subfield>
  </datafield>
  <datafield tag="653" ind1="#" ind2="#">
   <subfield code="a">lí thuyết</subfield>
  </datafield>
  <datafield tag="653" ind1="#" ind2="#">
   <subfield code="a">galois</subfield>
  </datafield>
  <datafield tag="852" ind1="#" ind2="#">
   <subfield code="b">Kho mượn</subfield>
   <subfield code="j">KGT.0052831</subfield>
  </datafield>
  <datafield tag="852" ind1="#" ind2="#">
   <subfield code="j">KGT.0052831</subfield>
   <subfield code="j">KD.0021459</subfield>
   <subfield code="j">KGT.0056377</subfield>
   <subfield code="j">KGT.0056376</subfield>
   <subfield code="j">KGT.0056378</subfield>
   <subfield code="j">KGT.0056379</subfield>
   <subfield code="j">KGT.0056380</subfield>
   <subfield code="j">KGT.0056381</subfield>
   <subfield code="j">KGT.0056382</subfield>
   <subfield code="j">KGT.0056383</subfield>
  </datafield>
  <datafield tag="852" ind1="#" ind2="#">
   <subfield code="b">Kho đọc</subfield>
   <subfield code="j">KD.0021459</subfield>
  </datafield>
  <datafield tag="910" ind1=" " ind2=" ">
   <subfield code="d">12/05/2017</subfield>
  </datafield>
  <datafield tag="980" ind1="#" ind2="#">
   <subfield code="a">Trung tâm Học liệu Lê Vũ Hùng, Trường Đại học Đồng Tháp</subfield>
  </datafield>
 </record>
</collection>
